[Event "23rd Abu Dhabi Masters"]
[Site "Abu Dhabi UAE"]
[Date "2016.08.28"]
[Round "8.53"]
[White "Lakshmi, Narayanan M V"]
[Black "Kathmale, Sameer"]
[Result "0-1"]
[BlackTitle "IM"]
[WhiteElo "2155"]
[BlackElo "2248"]
[WhiteFideId "5040647"]
[BlackFideId "5024498"]
[EventDate "2016.08.21"]

1. d4 Nf6 2. c4 g6 3. Nc3 Bg7 4. e4 d6 5. f3 O-O 6. Be3 c5 7. Nge2 Nc6 8. Qd2 a6
9. Rd1 Qa5 10. a3 Rd8 11. Nd5 Qxd2+ 12. Rxd2 Nxd5 13. cxd5 Nxd4 14. Nxd4 cxd4
15. Bxd4 Bd7 16. Bxg7 Kxg7 17. Bd3 Rac8 18. Ke2 Rc5 19. Rc2 Rxc2+ 20. Bxc2 Rc8
21. Kd2 Kf6 22. Bd3 Ke5 23. Ke3 f5 24. f4+ Kf6 25. Kd4 fxe4 26. Bxe4 Bf5 27. Bf3
Rc2 28. b3 b5 29. Re1 h5 30. h3 h4 31. Re3 a5 32. Be2 Rd2+ 33. Kc3 Rc2+ 34. Kd4
Rd2+ 35. Kc3 Rxd5 36. b4 axb4+ 37. axb4 e5 38. fxe5+ dxe5 39. Bf3 Rd4 40. Be2
Re4 41. Rxe4 Bxe4 42. Bxb5 Bxg2 43. Bd7 Bf1 44. Kd2 Ke7 45. Bg4 Kd6 46. Ke3 Bg2
47. Kf2 Be4 48. Be2 Kd5 49. Ke3 Bg2 50. Bf3+ Bxf3 51. Kxf3 g5 52. b5 Kc5 53. Ke4
g4 54. hxg4 h3 55. Kf3 e4+ 0-1

[Event "23rd Abu Dhabi Masters"]
[Site "Abu Dhabi UAE"]
[Date "2016.08.28"]
[Round "8.54"]
[White "Aditya, Mittal"]
[Black "Mona, Khaled"]
[Result "0-1"]
[WhiteTitle "CM"]
[BlackTitle "WGM"]
[WhiteElo "2140"]
[BlackElo "2175"]
[WhiteFideId "35042025"]
[BlackFideId "10605908"]
[EventDate "2016.08.21"]

1. d4 d5 2. c4 e6 3. Nc3 c6 4. Nf3 dxc4 5. a4 Bb4 6. e3 b5 7. Bd2 Bxc3 8. Bxc3
Nf6 9. axb5 cxb5 10. b3 Nc6 11. bxc4 bxc4 12. Bxc4 O-O 13. O-O Nd5 14. Bb2 Rb8
15. Ba3 Ncb4 16. e4 Nf6 17. e5 Nfd5 18. Qd2 a5 19. Ng5 Bb7 20. f4 h6 21. Nf3 Qd7
22. Rab1 Rfc8 23. Be2 Rc2 24. Bxb4 Rxd2 25. Bxd2 Nb4 26. Be3 Be4 27. Rb2 Rc8 28.
Nd2 Ba8 29. Bf3 Bxf3 30. Nxf3 Rc3 31. Bf2 Nd3 32. Ra2 Qd5 33. Rfa1 Nxf4 34. Rxa5
Qe4 35. R5a3 Rc2 36. Re1 Qg6 37. Nh4 Qg5 38. Kf1 Rxf2+ 39. Kxf2 Qxh4+ 40. g3
Qxh2+ 41. Kf3 Qg2+ 42. Kg4 g5 43. Rae3 Kg7 0-1

[Event "23rd Abu Dhabi Masters"]
[Site "Abu Dhabi UAE"]
[Date "2016.08.28"]
[Round "8.55"]
[White "Rajesh, V A V"]
[Black "Ajay Krishna, S"]
[Result "1-0"]
[WhiteTitle "IM"]
[WhiteElo "2346"]
[BlackElo "2125"]
[WhiteFideId "5029317"]
[BlackFideId "5096430"]
[EventDate "2016.08.21"]

1. d4 Nf6 2. c4 e6 3. Nc3 Bb4 4. e3 O-O 5. Bd3 c5 6. Ne2 d5 7. O-O cxd4 8. exd4
dxc4 9. Bxc4 Nc6 10. Bg5 h6 11. Bh4 Be7 12. Bb3 Nd5 13. Bg3 Nb6 14. Qd2 Na5 15.
Bc2 Nbc4 16. Qd3 g6 17. Rab1 Nd6 18. Bf4 Kh7 19. Rfd1 Nf5 20. Qh3 Bg5 21. Bxg5
Qxg5 22. Ne4 Qe7 23. Qc3 Nc6 24. d5 exd5 25. Nf6+ Kh8 26. Nxd5+ Qe5 27. Qxe5+
Nxe5 28. Nc7 Rb8 29. Rbc1 Ng4 30. Nc3 Nf6 31. Ba4 a6 32. h3 Kg7 33. Ne2 b5 34.
Bc2 a5 35. Bxf5 Bxf5 36. Nd4 Bd7 37. Rc5 Rfc8 38. Rdc1 Rd8 39. Nf3 Ne4 40. Rd5
Nf6 41. Rdd1 Ne8 42. Na6 Ra8 43. Nc5 Bf5 44. Nd4 Nd6 45. Nc6 Rdc8 46. Rxd6 Ra6 1-0

[Event "23rd Abu Dhabi Masters"]
[Site "Abu Dhabi UAE"]
[Date "2016.08.28"]
[Round "8.56"]
[White "Pranavananda, V"]
[Black "Saim, Mohamed Ilias"]
[Result "0-1"]
[BlackTitle "FM"]
[WhiteElo "2271"]
[BlackElo "2109"]
[WhiteFideId "5073588"]
[BlackFideId "7900465"]
[EventDate "2016.08.21"]

1. e4 e5 2. Nf3 Nc6 3. d4 exd4 4. Nxd4 Nf6 5. Nxc6 bxc6 6. Qe2 d6 7. e5 dxe5 8.
Qxe5+ Be7 9. Bd3 O-O 10. O-O Re8 11. Nc3 Bd6 12. Qa5 Re5 13. Qa4 Rh5 14. h3 Bxh3
15. Be2 Bg4 16. Bxg4 Nxg4 17. Qxg4 Rh4 18. Qf5 g6 19. Bg5 gxf5 20. Bxd8 Rxd8 21.
Rfd1 Rb8 22. b3 Bh2+ 23. Kf1 Be5 24. Ne2 Bxa1 25. Rxa1 Rh1+ 26. Ng1 Rd8 27. Rc1
c5 28. Ke2 c4 29. bxc4 Rd4 30. c3 Rxc4 31. Kf1 f4 32. Rc2 a5 33. f3 a4 34. a3
Kg7 35. Kf2 Kf6 36. Rc1 Rh5 37. Ne2 Rb5 38. Rh1 h5 39. g3 Rb2 40. gxf4 Rxc3 41.
Rxh5 Rxa3 0-1

[Event "23rd Abu Dhabi Masters"]
[Site "Abu Dhabi UAE"]
[Date "2016.08.28"]
[Round "8.57"]
[White "Srinath, Rao S.V."]
[Black "Wafa, Shrook"]
[Result "1-0"]
[WhiteTitle "FM"]
[BlackTitle "WGM"]
[WhiteElo "2261"]
[BlackElo "2106"]
[WhiteFideId "5028876"]
[BlackFideId "10609970"]
[EventDate "2016.08.21"]

1. e4 c5 2. Nf3 d6 3. Bb5+ Bd7 4. Bxd7+ Qxd7 5. O-O g6 6. c3 Bg7 7. d4 cxd4 8.
cxd4 Nf6 9. Nc3 O-O 10. Bg5 h6 11. Be3 Nc6 12. h3 Rac8 13. d5 Na5 14. Bxa7 b5
15. Bd4 b4 16. Na4 Qb5 17. Re1 Rc7 18. b3 Rfc8 19. Bb6 Rb7 20. Nd4 Qa6 21. Bxa5
Qxa5 22. Nc6 Qb5 23. Rc1 Kh7 24. Rc4 e6 25. Na7 Rxa7 26. Rxc8 exd5 27. e5 dxe5
28. Rxe5 Qb7 29. Rc2 Qb8 30. Re1 Qd6 31. Qd4 Re7 32. Rxe7 Qxe7 33. Qe3 Qd6 34.
Rd2 h5 35. Rd1 Qc7 36. Qc5 Qf4 37. Nb6 Ne4 38. Nxd5 Qf5 39. Qe3 Nc3 40. Nxc3
bxc3 41. Rc1 Qa5 42. Rc2 Qb4 43. g3 Bf6 44. h4 Kg7 45. Kh2 Qa5 46. Qe4 g5 47. b4
Qb5 48. a4 Qxa4 49. hxg5 Bxg5 50. Rxc3 Qa1 51. Rc5 Bf6 52. Rxh5 Qb2 53. Rf5 1-0

[Event "23rd Abu Dhabi Masters"]
[Site "Abu Dhabi UAE"]
[Date "2016.08.28"]
[Round "8.58"]
[White "Hallaeva, Bahar"]
[Black "Calzetta Ruiz, Monica"]
[Result "1-0"]
[WhiteTitle "WFM"]
[BlackTitle "WGM"]
[WhiteElo "2103"]
[BlackElo "2257"]
[WhiteFideId "14000679"]
[BlackFideId "2204185"]
[EventDate "2016.08.21"]

1. e4 c5 2. c3 d5 3. exd5 Qxd5 4. d4 cxd4 5. cxd4 Nc6 6. Nf3 Bg4 7. Be2 e6 8.
Nc3 Qa5 9. O-O Nf6 10. h3 Bh5 11. a3 Bd6 12. Be3 O-O 13. Qb3 Ne7 14. Bd2 Qd8 15.
Bg5 Rc8 16. Bxf6 gxf6 17. Rfd1 Nd5 18. Nxd5 exd5 19. Rac1 Qd7 20. Bb5 Qe6 21.
Rxc8 Rxc8 22. Re1 Qf5 23. g4 Bxg4 24. hxg4 Qxg4+ 25. Kf1 Bf4 26. Ng1 Bh2 27. Nh3
Kg7 28. Be2 Qxd4 29. Bf3 Rc5 30. Rd1 Qc4+ 31. Qxc4 dxc4 32. Bxb7 Be5 33. Rd2 c3
34. bxc3 Rxc3 35. Kg2 Rxa3 36. Rd7 a5 37. Bd5 a4 38. Rxf7+ Kg6 39. Ra7 Ra1 40.
Be4+ f5 41. Ra6+ Kg7 42. Bxf5 a3 43. Ra7+ Kf6 44. Bxh7 Bb2 45. Bg8 Re1 46. Bb3
Re8 47. Ra6+ Ke5 48. Ng1 Kd4 49. Kf3 Rf8+ 50. Ke2 Kc3 51. Ba2 Bc1 52. Rb6 Bb2
53. Nf3 Kc2 54. Ne1+ Kc3 55. Rb3+ Kd4 56. Nc2+ Kc5 57. Nxa3 Bd4 58. Rf3 Ra8 59.
Bb1 Rb8 60. Bd3 Re8+ 61. Kf1 Rb8 62. Nc2 Bb2 63. Rf5+ Kd6 64. f3 Ke6 65. Rb5
Rxb5 66. Bxb5 Bc1 67. Ke2 Kf6 68. Nb4 Bh6 69. Kd3 Ke5 70. Bc6 Kd6 71. Be4 Ke5
72. Nd5 Bc1 73. Ne3 Kf4 74. Nd5+ Ke5 75. Ke2 Bh6 76. Kf2 Bd2 77. Kg3 Bh6 78. Nb4
Bd2 79. Nd3+ Kd4 80. Kg4 Be3 81. Nf4 Ke5 82. Ng6+ Kf6 83. f4 Bc1 84. f5 Bb2 85.
Bc2 Bc3 86. Nf4 Bb2 87. Nh5+ Ke7 88. Kg5 Bc1+ 89. Kg6 Bb2 90. f6+ Bxf6 91. Nxf6
Ke6 92. Ng4 Kd5 93. Kf5 Kd4 94. Be4 Kc4 95. Ke5 Kc3 96. Ne3 Kb4 97. Kd4 Kb3 98.
Nc2 Kb2 99. Kc4 Ka2 100. Kc3 Kb1 101. Bd5 Kc1 102. Ba2 Kd1 103. Nd4 Ke1 104. Kd3
Kf2 105. Ne2 Kf3 106. Be6 Kf2 107. Kd2 Kf3 108. Bf5 Kf2 109. Bg4 Kf1 110. Ke3
Ke1 111. Nf4 Kf1 112. Be2+ Kg1 113. Kf3 Kh2 114. Bd3 Kg1 115. Kg3 Kh1 116. Bc4
Kg1 117. Nh3+ 1-0

[Event "23rd Abu Dhabi Masters"]
[Site "Abu Dhabi UAE"]
[Date "2016.08.28"]
[Round "8.59"]
[White "Al Ghamdi, Ahmed M"]
[Black "Wang, Xinyue"]
[Result "1/2-1/2"]
[WhiteElo "2192"]
[BlackElo "2092"]
[WhiteFideId "21500150"]
[BlackFideId "8603960"]
[EventDate "2016.08.21"]

1. d4 d5 2. Nc3 Bf5 3. Bf4 a6 4. e3 e6 5. Nf3 Nf6 6. Bd3 Bg4 7. h3 Bh5 8. e4 Bb4
9. exd5 Nxd5 10. Bd2 Nc6 11. a3 Be7 12. Ne2 Bxf3 13. gxf3 Bg5 14. f4 Bf6 15. c3
Qd6 16. Qc2 Bh4 17. Rf1 O-O-O 18. O-O-O Nde7 19. Be4 h6 20. Kb1 f5 21. Bd3 Bf6
22. Ng1 g5 23. Rfe1 gxf4 24. Qb3 Nd5 25. Qc2 Rhg8 26. Rxe6 Qf8 27. Nf3 Rg2 28.
Be1 Ne3 29. Qa4 Nxd1 30. Rxc6 bxc6 31. Qxc6 Re8 32. Bxa6+ Kd8 33. Bb5 Rg7 34. c4
Rxe1 35. Nxe1 Nxf2 36. Nc2 Ne4 37. Nb4 Nd6 38. Ba4 Nc8 39. Nd5 Bxd4 40. Nxf4 Ke7
41. Qe6+ Kd8 42. Qc6 Ke7 1/2-1/2

[Event "23rd Abu Dhabi Masters"]
[Site "Abu Dhabi UAE"]
[Date "2016.08.28"]
[Round "8.60"]
[White "Tarini, Goyal"]
[Black "Khouri, Ahmed Abbas"]
[Result "1-0"]
[WhiteTitle "WFM"]
[BlackTitle "FM"]
[WhiteElo "2142"]
[BlackElo "2061"]
[WhiteFideId "5082749"]
[BlackFideId "9301518"]
[EventDate "2016.08.21"]

1. d4 Nf6 2. c4 g6 3. Nc3 d5 4. cxd5 Nxd5 5. g3 Bg7 6. Bg2 Nxc3 7. bxc3 c5 8.
Nf3 O-O 9. O-O Nc6 10. Rb1 cxd4 11. cxd4 Nxd4 12. Nxd4 Qxd4 13. Qb3 Bf5 14. Be3
Qe5 15. Rbc1 b6 16. Bxa8 Rxa8 17. Rfd1 Be6 18. Qd3 h5 19. Bd4 Qxd4 20. Qf3 Bd5
21. Qxd5 Qxd5 22. Rxd5 a5 23. a4 Bf6 24. e3 e6 25. Rd7 Be5 26. Rb7 Bd6 27. Rxb6
Bb4 28. Rb7 Kg7 29. Rcc7 Rf8 30. Kg2 g5 31. h3 Kg6 32. e4 g4 33. hxg4 hxg4 34.
e5 Kg7 35. Rc4 1-0

[Event "23rd Abu Dhabi Masters"]
[Site "Abu Dhabi UAE"]
[Date "2016.08.29"]
[Round "9.2"]
[White "Adhiban, Baskaran"]
[Black "Salem, A.R. Saleh"]
[Result "1/2-1/2"]
[WhiteTitle "GM"]
[BlackTitle "GM"]
[WhiteElo "2671"]
[BlackElo "2617"]
[WhiteFideId "5018471"]
[BlackFideId "9301348"]
[EventDate "2016.08.21"]

1. Nf3 c5 2. c4 Nf6 3. d4 cxd4 4. Nxd4 Nc6 5. Nc3 e6 6. Ndb5 d5 7. Bf4 e5 8.
cxd5 exf4 9. dxc6 bxc6 10. Qxd8+ Kxd8 11. Rd1+ Bd7 12. Nd6 Bxd6 13. Rxd6 Ke7 14.
Rd2 Nd5 15. Na4 Bf5 16. g3 Nb6 17. Nc3 Nc4 18. Rd4 Nxb2 19. Rxf4 Be6 20. Bg2
Rab8 21. O-O Rhd8 22. Rc1 c5 23. Re4 Rb4 24. Re5 Rc4 25. Bh3 Na4 26. Bxe6 fxe6
27. Nd5+ Rxd5 28. Rxc4 Rxe5 29. Rxa4 Rxe2 30. Rxa7+ Kf6 1/2-1/2

[Event "23rd Abu Dhabi Masters"]
[Site "Abu Dhabi UAE"]
[Date "2016.08.29"]
[Round "9.3"]
[White "Areshchenko, Alexander"]
[Black "Dragun, Kamil"]
[Result "1/2-1/2"]
[WhiteTitle "GM"]
[BlackTitle "GM"]
[WhiteElo "2665"]
[BlackElo "2609"]
[WhiteFideId "14109530"]
[BlackFideId "1134167"]
[EventDate "2016.08.21"]

1. e4 e5 2. Nf3 Nf6 3. Nxe5 d6 4. Nf3 Nxe4 5. d4 d5 6. Bd3 Be7 7. O-O Nc6 8.
Nbd2 Bf5 9. Re1 Nxd2 10. Qxd2 Bxd3 11. Qxd3 O-O 12. Bf4 Qd7 13. Re3 Rfe8 14.
Rae1 Bf8 15. Rxe8 Rxe8 16. Rxe8 Qxe8 17. c3 Qd7 18. Ng5 g6 19. Qh3 Qxh3 20. Nxh3
Bd6 21. Bxd6 cxd6 22. Nf4 Ne7 23. h4 h6 24. g4 Kg7 25. Kh2 g5 26. hxg5 hxg5 27.
Ng2 f6 28. Kg3 Kf7 29. f4 Ke6 30. Kf3 Kd7 31. Ne3 Ke6 32. f5+ Kd7 33. Nf1 b5 34.
Ng3 Ke8 35. Nh5 Kf7 36. Ke2 Nc8 37. Kd3 Nb6 38. b3 a5 39. Kc2 Nc8 40. Ng3 Nb6
41. Nf1 Ke7 42. Kd3 Kd7 43. Kd2 Ke7 44. Ne3 Kd7 45. Kd3 Kc6 46. Nf1 Kd7 47. Kc2
Ke7 48. Kc1 Ke8 49. Kb2 Ke7 50. Ng3 Kf7 51. Nh5 Nc8 52. Kc2 Nb6 53. Kd3 Ke7 54.
Ng7 Kd7 55. Ne6 Kc8 1/2-1/2

[Event "23rd Abu Dhabi Masters"]
[Site "Abu Dhabi UAE"]
[Date "2016.08.29"]
[Round "9.4"]
[White "Amin, Bassem"]
[Black "Savchenko, Boris"]
[Result "1-0"]
[WhiteTitle "GM"]
[BlackTitle "GM"]
[WhiteElo "2654"]
[BlackElo "2602"]
[WhiteFideId "10601457"]
[BlackFideId "4147332"]
[EventDate "2016.08.21"]

1. e4 c5 2. Nf3 g6 3. d4 cxd4 4. Qxd4 Nf6 5. Nc3 Nc6 6. Qa4 d6 7. e5 dxe5 8.
Nxe5 Qd4 9. Nxc6 Qxa4 10. Nxa4 bxc6 11. Be3 e5 12. Be2 Nd5 13. Bf3 Bf5 14. c4
Nb4 15. O-O e4 16. Bd4 Rg8 17. Bd1 Be6 18. b3 O-O-O 19. Bxa7 Bg7 20. Rb1 Nxa2
21. Bb6 Rd6 22. Bc2 f5 23. Ba5 c5 24. Nxc5 Nc3 25. Rbe1 Bd4 26. Nxe6 Rxe6 27.
Re3 Bxe3 28. fxe3 Ne2+ 29. Kf2 Ra6 30. b4 Nc3 31. Ra1 Rd8 32. Ke1 Ra7 33. Ra3
Nd5 34. cxd5 Rxd5 35. Rc3+ Kb8 36. Ba4 Rd6 37. Ke2 Rd5 38. Bc6 Rd6 39. Rc5 Rd3
40. Re5 Rc7 41. Bxc7+ Kxc7 42. b5 Kd6 43. Re8 Rb3 44. Rd8+ Ke5 45. Rd2 g5 46. g3
h6 47. Rc2 Kd6 48. Kf2 Rb4 49. h3 Ke6 50. Re2 h5 51. g4 fxg4 52. hxg4 h4 53. Kg2
Rb3 54. Bxe4 Rxb5 55. Ra2 Ke5 56. Kf3 1-0

[Event "23rd Abu Dhabi Masters"]
[Site "Abu Dhabi UAE"]
[Date "2016.08.29"]
[Round "9.6"]
[White "Lalith, Babu M R"]
[Black "Fedoseev, Vladimir3"]
[Result "1-0"]
[WhiteTitle "GM"]
[BlackTitle "GM"]
[WhiteElo "2575"]
[BlackElo "2670"]
[WhiteFideId "5024595"]
[BlackFideId "24130737"]
[EventDate "2016.08.21"]

1. Nf3 g6 2. c4 Bg7 3. d4 Nf6 4. Nc3 d5 5. Qb3 dxc4 6. Qxc4 O-O 7. e4 Nc6 8. Be2
Bg4 9. d5 Bxf3 10. gxf3 Na5 11. Qd3 c5 12. e5 Nd7 13. f4 c4 14. Qc2 e6 15. dxe6
fxe6 16. Be3 Nb6 17. Bg4 Qe7 18. O-O-O Bh6 19. Ne4 Kh8 20. Kb1 Bxf4 21. Bc5 Qh4
22. Bxe6 Bxe5 23. Bxf8 Rxf8 24. Bd5 Nc6 25. Bxc6 bxc6 26. Rde1 Nd5 27. Nd2 Bg7
28. Re4 Qf6 29. Nxc4 Rb8 30. Ka1 Nc3 31. Re5 Nb5 32. Rhe1 Qf8 33. R5e3 Bd4 34.
Rb3 Rd8 35. Rd1 Qf6 36. a4 Nc7 37. Na5 c5 38. Nb7 Rd5 39. Kb1 Na6 40. Qc4 Rf5
41. f3 Kg7 42. Na5 Rf4 43. Rb7+ Kh6 44. Nb3 Bxb2 45. Qg8 Qh8 46. Qe6 Ba3 1-0

[Event "23rd Abu Dhabi Masters"]
[Site "Abu Dhabi UAE"]
[Date "2016.08.29"]
[Round "9.7"]
[White "Kuzubov, Yuriy"]
[Black "Zubov, Alexander"]
[Result "1/2-1/2"]
[WhiteTitle "GM"]
[BlackTitle "GM"]
[WhiteElo "2639"]
[BlackElo "2606"]
[WhiteFideId "14112906"]
[BlackFideId "14109409"]
[EventDate "2016.08.21"]

1. c4 Nf6 2. Nf3 e6 3. Nc3 Bb4 4. Qc2 O-O 5. a3 Bxc3 6. Qxc3 d6 7. g3 e5 8. d3
c5 9. Bg5 Nc6 10. Bg2 a5 11. Nd2 h6 12. Bxf6 Qxf6 13. O-O Qg6 14. e3 Bg4 15.
Rae1 Rad8 16. Kh1 Be6 17. f4 f5 18. Nb3 e4 19. dxe4 fxe4 20. Nd2 Bf5 21. g4 Bxg4
22. Nxe4 Rde8 23. Nf2 Bf5 24. Bd5+ Kh8 25. e4 Bd7 26. Rg1 Qf6 27. Qxf6 Rxf6 28.
Nd3 Be6 29. e5 dxe5 30. fxe5 Rf7 31. Nxc5 Bxd5+ 32. cxd5 Rxe5 33. Rxe5 Nxe5 34.
d6 b6 35. Re1 bxc5 36. Rxe5 Rd7 37. Rd5 a4 38. Kg2 Kg8 39. Kf3 Kf7 40. Ke3 Ke6
41. Rxc5 Rb7 42. h4 Rxb2 43. Rc7 Kxd6 44. Rxg7 1/2-1/2

[Event "23rd Abu Dhabi Masters"]
[Site "Abu Dhabi UAE"]
[Date "2016.08.29"]
[Round "9.9"]
[White "Demchenko, Anton"]
[Black "Andriasian, Zaven"]
[Result "1/2-1/2"]
[WhiteTitle "GM"]
[BlackTitle "GM"]
[WhiteElo "2600"]
[BlackElo "2621"]
[WhiteFideId "4160258"]
[BlackFideId "13302000"]
[EventDate "2016.08.21"]

1. e4 e5 2. Nf3 Nc6 3. Bc4 Nf6 4. d3 Bc5 5. O-O O-O 6. a4 a6 7. Bg5 h6 8. Bh4
Be7 9. Bg3 d6 10. c3 g6 11. Na3 Nh5 12. Nc2 Nxg3 13. hxg3 Bf6 14. Ne3 Bg7 15. d4
Bd7 16. a5 Rb8 17. Qd3 Kh7 18. Rfd1 Qe7 19. Nd5 Qd8 20. Ne3 Qe7 21. d5 Na7 22.
g4 Bf6 23. g3 Kg7 24. Kg2 Rh8 25. Rh1 Rh7 26. Rh2 Rbh8 27. Rah1 Nc8 28. b4 Qd8
29. b5 axb5 30. Bxb5 c6 31. dxc6 bxc6 32. Ba6 Qxa5 33. Bxc8 Bxc8 34. Qxd6 Qxc3
35. g5 Bxg5 36. Nxg5 hxg5 37. Rxh7+ Rxh7 38. Rxh7+ Kxh7 39. Qf8 Be6 40. Ng4 Bxg4
41. Qxf7+ Kh8 1/2-1/2

[Event "23rd Abu Dhabi Masters"]
[Site "Abu Dhabi UAE"]
[Date "2016.08.29"]
[Round "9.11"]
[White "Ly, Moulthun"]
[Black "Efimenko, Zahar"]
[Result "1/2-1/2"]
[WhiteTitle "IM"]
[BlackTitle "GM"]
[WhiteElo "2501"]
[BlackElo "2661"]
[WhiteFideId "3204405"]
[BlackFideId "14107201"]
[EventDate "2016.08.21"]

1. e4 e5 2. Nf3 Nc6 3. Bb5 a6 4. Ba4 Nf6 5. O-O Be7 6. d3 d6 7. c3 O-O 8. Re1
Re8 9. Nbd2 Bf8 10. Nf1 h6 11. h3 b5 12. Bb3 Na5 13. Bc2 c5 14. Ne3 Nc6 15. Bb3
Be6 16. a4 Qd7 17. Nh2 Ne7 18. Nhg4 Nxg4 19. Nxg4 h5 20. Nh2 Bxb3 21. Qxb3 g6
22. Nf3 Rab8 23. axb5 axb5 24. Bg5 c4 25. Qd1 Nc6 26. dxc4 bxc4 27. Nd2 Rxb2 28.
Nxc4 Rbb8 29. Qd5 Qc7 30. Red1 Ne7 31. Bxe7 Bxe7 32. Nxd6 Bxd6 33. Qxd6 1/2-1/2

[Event "23rd Abu Dhabi Masters"]
[Site "Abu Dhabi UAE"]
[Date "2016.08.29"]
[Round "9.13"]
[White "Ter-Sahakyan, Samvel"]
[Black "Aryan, Chopra"]
[Result "0-1"]
[WhiteTitle "GM"]
[BlackTitle "IM"]
[WhiteElo "2613"]
[BlackElo "2485"]
[WhiteFideId "13302531"]
[BlackFideId "5084423"]
[EventDate "2016.08.21"]

1. e4 e5 2. Nf3 Nc6 3. Bb5 a6 4. Ba4 g6 5. O-O Bg7 6. c3 d6 7. d4 Bd7 8. d5 Nce7
9. Bxd7+ Qxd7 10. c4 h6 11. Nc3 f5 12. Ne1 Nf6 13. Qe2 fxe4 14. Nxe4 Nxe4 15.
Qxe4 c6 16. dxc6 Qxc6 17. Qxc6+ bxc6 18. b3 e4 19. Rb1 Nf5 20. Nc2 Kd7 21. Rd1
Rhe8 22. Kf1 a5 23. Ke2 Re6 24. Be3 Rf6 25. Bd2 Rf7 26. Be1 h5 27. Kf1 Ke6 28.
Kg1 d5 29. f3 d4 30. fxe4 Ne3 31. Nxe3 dxe3 32. Bg3 h4 33. Bd6 e2 34. Rd3 Raf8
35. Bxf8 Bxf8 36. g4 Bc5+ 37. Kg2 Rf2+ 38. Kh3 Rf1 0-1

[Event "23rd Abu Dhabi Masters"]
[Site "Abu Dhabi UAE"]
[Date "2016.08.29"]
[Round "9.14"]
[White "Lei, Tingjie"]
[Black "Prohaszka, Peter2"]
[Result "0-1"]
[WhiteTitle "WGM"]
[BlackTitle "GM"]
[WhiteElo "2480"]
[BlackElo "2604"]
[WhiteFideId "8605114"]
[BlackFideId "726265"]
[EventDate "2016.08.21"]

1. d4 d5 2. c4 c6 3. Nf3 Nf6 4. Nc3 dxc4 5. a4 Bf5 6. Ne5 Nbd7 7. Nxc4 Nb6 8.
Ne5 a5 9. h4 h6 10. f3 Nfd7 11. e4 Bh7 12. Be3 e6 13. Nxd7 Nxd7 14. Qb3 Bb4 15.
O-O-O O-O 16. g4 Qe7 17. g5 h5 18. Be2 Kh8 19. Qc2 Nb6 20. Qb3 Rac8 21. Rhg1 Nd5
22. Bd2 c5 23. Nxd5 exd5 24. Qxd5 Rfd8 25. Qb3 c4 26. Qe3 Qe8 27. Bc3 Qxa4 28.
d5 Bc5 29. Qf4 Bg6 30. Qe5 Rg8 31. Kd2 Bxg1 32. Rxg1 b5 33. Rc1 Qa2 34. Bd4 b4
35. Ke1 a4 36. d6 c3 37. bxc3 b3 38. c4 a3 39. Qb5 Rb8 40. d7 b2 41. Rd1 Rxb5 0-1

[Event "23rd Abu Dhabi Masters"]
[Site "Abu Dhabi UAE"]
[Date "2016.08.29"]
[Round "9.15"]
[White "Puranik, Abhimanyu"]
[Black "Adly, Ahmed"]
[Result "0-1"]
[WhiteTitle "IM"]
[BlackTitle "GM"]
[WhiteElo "2469"]
[BlackElo "2603"]
[WhiteFideId "5061245"]
[BlackFideId "10601619"]
[EventDate "2016.08.21"]

1. e4 c5 2. c3 Nf6 3. e5 Nd5 4. d4 cxd4 5. Nf3 Nc6 6. cxd4 d6 7. Bc4 Nb6 8. Bb5
Bd7 9. Nc3 dxe5 10. dxe5 a6 11. Be2 Bg4 12. O-O Qxd1 13. Rxd1 e6 14. h3 Bh5 15.
Bf4 Be7 16. a3 Rd8 17. b4 O-O 18. Rac1 h6 19. g4 Bg6 20. Be3 Nd7 21. Bf4 Bh7 22.
h4 Ndb8 23. h5 Rxd1+ 24. Rxd1 Rc8 25. Be3 Nxb4 26. axb4 Rxc3 27. Bc5 Bxc5 28.
Rd8+ Bf8 29. Rxb8 Rc2 30. Nd4 Rc1+ 31. Kh2 Be4 32. Kg3 Bd5 33. b5 axb5 34. Nxb5
Rc5 35. Nd6 Rc3+ 36. f3 f6 37. exf6 gxf6 38. Rd8 Rc6 39. Ne8 Kf7 40. Bb5 Rb6 41.
Bd3 Rb3 42. Be2 Be7 43. Rc8 Bc6 44. Nc7 Bd7 45. Bc4 Bd6+ 0-1

[Event "23rd Abu Dhabi Masters"]
[Site "Abu Dhabi UAE"]
[Date "2016.08.29"]
[Round "9.16"]
[White "Shyaamnikhil, P"]
[Black "Azarov, Sergei"]
[Result "0-1"]
[WhiteTitle "IM"]
[BlackTitle "GM"]
[WhiteElo "2421"]
[BlackElo "2581"]
[WhiteFideId "5024218"]
[BlackFideId "13501470"]
[EventDate "2016.08.21"]

1. e4 c5 2. Nf3 Nc6 3. d4 cxd4 4. Nxd4 Qb6 5. Nb3 Nf6 6. Nc3 e6 7. Qe2 Bb4 8.
Bd2 O-O 9. a3 Bxc3 10. Bxc3 e5 11. O-O-O a5 12. Kb1 Rd8 13. Rd6 Ne8 14. Rd1 d6
15. Nd2 Be6 16. Qe3 Qc7 17. Bd3 Rdb8 18. Qe2 Qe7 19. a4 Nc7 20. Bc4 b5 21. axb5
Bxc4 22. Qxc4 Nd8 23. Kc1 Nxb5 24. Nf1 a4 25. Ne3 a3 26. bxa3 Nxa3 27. Qd5 Ne6
28. Bb2 Nf4 29. Qc6 d5 30. exd5 Qb4 31. Bc3 Qe4 0-1

[Event "23rd Abu Dhabi Masters"]
[Site "Abu Dhabi UAE"]
[Date "2016.08.29"]
[Round "9.17"]
[White "Laxman, R.R."]
[Black "Sengupta, Deep"]
[Result "1/2-1/2"]
[WhiteTitle "GM"]
[BlackTitle "GM"]
[WhiteElo "2374"]
[BlackElo "2571"]
[WhiteFideId "5005361"]
[BlackFideId "5008352"]
[EventDate "2016.08.21"]

1. d4 e6 2. c4 b6 3. Nc3 Bb7 4. Nf3 Bb4 5. Qb3 Qe7 6. Bg5 Nf6 7. e3 c5 8. a3
Bxc3+ 9. Qxc3 d6 10. dxc5 bxc5 11. b4 Nbd7 12. Be2 h6 13. Bxf6 Qxf6 14. Qxf6
gxf6 15. O-O Ke7 16. Nd2 Rhg8 17. Bf3 Bxf3 18. Nxf3 Rgc8 19. b5 Nb6 20. Nd2 a6
21. a4 axb5 22. axb5 d5 23. Rfc1 Nxc4 24. Nxc4 dxc4 25. Kf1 Kd6 26. Ke2 Rxa1 27.
Rxa1 Rb8 28. Ra6+ Kd5 29. Ra5 f5 30. Kd2 f4 31. Kc3 fxe3 32. fxe3 f5 33. g3 h5
34. Kc2 Rb7 35. Kc3 Rb8 36. Kc2 e5 37. Kc3 Rb6 38. Kc2 h4 39. gxh4 f4 40. exf4
exf4 41. h5 f3 42. Ra8 Rf6 43. Rd8+ Ke4 44. Re8+ Kf4 45. h6 Rxh6 46. Rf8+ Ke3
47. Kc3 f2 48. Re8+ Kf3 49. Rf8+ Kg2 50. Kxc4 Rh8 51. Rxf2+ Kxf2 52. Kxc5 Ke3
53. b6 Rxh2 54. b7 Rb2 55. Kc6 Kd4 56. Kc7 Rc2+ 57. Kd7 Rb2 58. Kc7 Rc2+ 59. Kd7
Rb2 60. Kc7 1/2-1/2